000 01232nam a2200349 a 4500
001 vtls001278086
003 NLI
005 20210627042312.0
008 120416s1971 enk 000 0 eng
039 9 _a201601061025
_bsyamalkb
_c201601061018
_dsyamalkb
_y201204161802
_zVLOAD
040 _aNLI
_beng
_cDatasoft_G&E
_eAACR2
041 0 _aeng
044 _aenk
082 0 4 _a327.1
100 1 _aHorowitz, David,
_d1939-
_9699605
245 1 0 _aImperialism and revolution /
_cby David Horowitz
260 _aHarmondsworth :
_bPenguin Books,
_c1971
300 _a274 p. ;
_c19 cm.
500 _aAmerican ed. (New York, Randon House) has title: Empire and revolution
650 0 _aCommunist strategy
_9699606
650 0 _aWorld politics
_y1945-1989
_9680806
650 0 _aRevolutions
_9691572
651 0 _aSoviet Union
_xHistory
651 0 _aUnited States
_xRelations
_9699607
887 _a syamal Kanti Biswas
901 _aG41858 :
_b02.07.2010`
902 _aE 327.1 H 785
905 _asyamal Kanti Biswas
949 _AVIRTUAITEM
_D10000
_X100
_6GIF000041858ENG
942 _2ddc
_cBKS
999 _aVIRTUA40
_c577892
_d577892
999 _aVTLSSORT0080*0400*0410*0440*0820*1000*2450*2600*3000*5000*6500*6501*6502*6510*6511*9010*9020*9050*9490*9992